000 00540nam a2200193Ia 4500
005 20250508164242.0
008 008 250505s9999 xx 000 0 hin d
037 _aReference
040 _aFEDL
_beng
_cFEDL
041 _ahin
_2hin
084 _a300, NCE
_qFEDL
100 _aSinha Savita
245 0 _aSamajik vigyan. Part 2
245 0 _cNCERT
260 _aNew Delhi, India
_bNational Council of Educational Research and Training
_c2004
300 _avi,192p.
942 _cREF
_h300, NCE
999 _c1387958
_d1387958